Capital allowances and land remediation relief (Record no. 115945)

MARC details
000 -LEADER
fixed length control field 01472cad a22003375a 4500
001 - CONTROL NUMBER
control field L159485
008 - FIXED-LENGTH DATA ELEMENTS--GENERAL INFORMATION
fixed length control field 130206s2013 xxk f 000 0 eng d
020 ## - INTERNATIONAL STANDARD BOOK NUMBER
International Standard Book Number 9781783210237
035 ## - SYSTEM CONTROL NUMBER
System control number (Sirsi) u159485
041 0# - LANGUAGE CODE
Language code of text/sound track or separate title eng
050 04 - LIBRARY OF CONGRESS CALL NUMBER
Classification number 336.24
050 04 - LIBRARY OF CONGRESS CALL NUMBER
Classification number 333.73
110 2# - MAIN ENTRY--CORPORATE NAME
Corporate name or jurisdiction name as entry element Royal Institution of Chartered Surveyors
9 (RLIN) 4900
245 ## - TITLE STATEMENT
Title Capital allowances and land remediation relief
Medium [electronic resource]
260 ## - PUBLICATION, DISTRIBUTION, ETC.
Place of publication, distribution, etc. London
Name of publisher, distributor, etc. RICS
Date of publication, distribution, etc. 2013
300 ## - PHYSICAL DESCRIPTION
Extent 30p.
490 #0 - SERIES STATEMENT
Series statement RICS Guidance Note
490 #0 - SERIES STATEMENT
Series statement RICS Black Book
520 ## - SUMMARY, ETC.
Summary, etc. Introduces surveyors and other professionals to the subjects of capital allowances and land remediation relief in a UK context. Some of the topics addressed in this guidance include capital expenditure, types and rates of relief, property and transaction types, entitlement to claim capital allowances, entitlement to claim land remediation relief, Finance Act 2001 rules, construction expenditure, and claims for land remediation expenditure.
590 ## - LOCAL NOTE (RLIN)
Local note KA
650 24 - SUBJECT ADDED ENTRY--TOPICAL TERM
Topical term or geographic name entry element RICS BLACK BOOK
650 24 - SUBJECT ADDED ENTRY--TOPICAL TERM
Topical term or geographic name entry element CAPITAL ALLOWANCES ACT 2001
650 24 - SUBJECT ADDED ENTRY--TOPICAL TERM
Topical term or geographic name entry element FINANCE ACT 2001
650 24 - SUBJECT ADDED ENTRY--TOPICAL TERM
Topical term or geographic name entry element LAND REMEDIATION
650 24 - SUBJECT ADDED ENTRY--TOPICAL TERM
Topical term or geographic name entry element TAXATION INCENTIVES
651 #4 - SUBJECT ADDED ENTRY--GEOGRAPHIC NAME
Geographic name United Kingdom
Chronological subdivision
690 ## - LOCAL SUBJECT ADDED ENTRY--TOPICAL TERM (OCLC, RLIN)
Topical term or geographic name as entry element Finance and taxation
856 40 - ELECTRONIC LOCATION AND ACCESS
Uniform Resource Identifier <a href="https://www.rics.org/Global/Capital_allowances_and_land_remediation_relief_1st_edition_PGguidance_2013.pdf">https://www.rics.org/Global/Capital_allowances_and_land_remediation_relief_1st_edition_PGguidance_2013.pdf</a>
Public note View the guidance free of charge at www.rics.org
942 ## - ADDED ENTRY ELEMENTS (KOHA)
Suppress in OPAC 0
Holdings
Withdrawn status Lost status Source of classification or shelving scheme Damaged status Not for loan Home library Current library Shelving location Date acquired Total Checkouts Full call number Barcode Date last seen Copy number Price effective from Koha item type
    Dewey Decimal Classification     London London RICS Boxes 01/08/2017   RICS 2013/25 30078457 06/08/2019 1 06/08/2019 Archive
    Dewey Decimal Classification     London London RICS Boxes 01/08/2017   RICS 2013/25 30078458 06/08/2019 2 06/08/2019 Reference material
    Dewey Decimal Classification     London London RICS Boxes 01/08/2017   RICS 2013/25 30078459 06/08/2019 3 06/08/2019 Reference material
    Dewey Decimal Classification     Virtual Virtual Online 02/08/2017   ONLINE PUBLICATION 159485-2001 06/08/2019 1 06/08/2019 Book